000 01052cam a2200337Ma 4500
001 93450
005 20230410132922.0
008 080515r19779999sp gr 001 0 spa d
035 _a(OCoLC)ocn318409983
040 _aZZAND
_bspa
_cZZAND
020 _a8424934970
020 _a9788424934972
035 _a(OCoLC)318409983
041 1 _aspa
_hlat
050 1 4 _aB 171
_bB582 1977
049 _aGRAL
100 0 _aMarco Aurelio,
_cEmperador de Roma,
_d121-180
130 1 _aBiblioteca Clásica Gredos
245 1 0 _aMeditaciones /
_cMarco Aurelio ; introducción de Carlos García Gual ; traducción y notas de Ramón Bach Pellicer.
260 _aMadrid :
_bGredos,
_c1977.
300 _a225 p. ;
_c20 cm.
440 0 _aBiblioteca clásica Gredos;
_vn.5
504 _aIncluye referencias bibliográficas e índice.
650 0 _aPhilosophy, Classical.
650 0 _aPhilosophy, Ancient.
650 0 _aPhilosophers, Ancient
_xBiography
700 1 2 _aBach Pellicer, Ramón.
942 _2lcc
_cbk
946 _amjcruz
994 _aC0
_bDRFGD
999 _c90183
_d90183